Segon Congrés de Mercats Municipals : resum d'activitats resum d'activitats
Publicado:
Barcelona :
Diputació de Barcelona. Àrea de Comerç. Oficina de Mercats i Fires Locals ,
2008
Descripción Física:
63 p. : fot. col. ; 29 cm
MARC
| LEADER | 00000nam a2200000Ia 4500 | ||
|---|---|---|---|
| 001 | 21610 | ||
| 008 | 160829s2008 xx 000 0 cat d | ||
| 080 | |a M-6-206 | ||
| 245 | |a Segon Congrés de Mercats Municipals : |b resum d'activitats | ||
| 260 | |a Barcelona: |b Diputació de Barcelona. Àrea de Comerç. Oficina de Mercats i Fires Locals, |c 2008 | ||
| 300 | |a 63 p. : |b fot. col. ; |c 29 cm | ||
| 590 | |a Celebrat el 26 de maig de 2008 a Cerdanyola del Vallès | ||
| 650 | |a Mercats coberts |x Barcelona (Província) |x Congressos |9 47796 | ||
| 710 | 1 | |a Barcelona (Catalunya : Província). |b Oficina de Mercats i Fires Locals |9 53630 | |
| 901 | |a Arxiu | ||
| 942 | |n 1 | ||
| 952 | |0 0 |1 0 |4 0 |6 M6206 |7 1 |9 54773 |a Arxiu |b Arxiu |d 2016-12-01 |l 0 |o M-6-206 |p 21610 |r 2016-12-01 00:00:00 |w 2016-12-01 |y ARXIU | ||
| 999 | |c 58642 |d 58642 | ||